000 00364nam a2200145Ia 4500
005 20250403063553.0
008 240331s9999 xx 000 0 und d
082 _bSON
_a894
245 0 _aSonthach chumaikal
260 _aKalmunai
_bNavatharshikal Kalai-ilakiya Amaippu
_c1995
300 _a47 p .,
650 _aPoems
700 _aMaharishi, S.
_eedt
942 _cL
999 _c4066
_d4066